Nombra 20 países vitivinícolas más importantes del mundo - Vino Quiz 1 - Estadísticas

Estadísticas generales
  • Esta prueba ha sido intentada 92 veces
  • La puntuación promedio es 14 de 20
Estadísticas de respuestas
Hint Respuesta % Correcto
España
97%
F Francia
97%
I Italia
94%
Argentina
91%
E Estados Unidos
84%
P Portugal
83%
Alemania
79%
G Grecia
79%
C Chile
77%
A Australia
66%
H Hungría
66%
R Rumania
61%
M México
58%
Austria
57%
China
53%
S Sudáfrica
47%
Marruecos
45%
B Bulgaria
43%
Suiza
42%
N Nueva Zelanda
32%
No se encontraron pruebas coincidentes
Distribución de puntuación
Porcentaje de gente con cada puntuación
Porcentaje por número respondido
Historial de tus puntuaciones
No has intentado esta prueba.